Real estate investment in the United States. One-day conference at The Inn on the Park, London, W.1, 2nd May, 1980 (Record no. 88965)

MARC details
000 -LEADER
fixed length control field 00636cam a2200205 4500
001 - CONTROL NUMBER
control field D16031
008 - FIXED-LENGTH DATA ELEMENTS--GENERAL INFORMATION
fixed length control field 090401t1980 xxu||||| |||| 00| 0 eng d
035 ## - SYSTEM CONTROL NUMBER
System control number (Sirsi) u26676
041 ## - LANGUAGE CODE
Language code of text/sound track or separate title eng
050 ## - LIBRARY OF CONGRESS CALL NUMBER
Classification number 332.63240973
110 ## - MAIN ENTRY--CORPORATE NAME
Corporate name or jurisdiction name as entry element Royal Institution of Chartered Surveyors
9 (RLIN) 4900
245 ## - TITLE STATEMENT
Title Real estate investment in the United States. One-day conference at The Inn on the Park, London, W.1, 2nd May, 1980
260 ## - PUBLICATION, DISTRIBUTION, ETC.
Name of publisher, distributor, etc. RICS
Date of publication, distribution, etc. 1980
300 ## - PHYSICAL DESCRIPTION
Extent 4 items
350 ## - PRICE (NR) (BK AM CF MU VM SE) [OBSOLETE]
Price 0
520 ## - SUMMARY, ETC.
Summary, etc. Filed in box 1980/29 . Papers also catalogued separately.
710 ## - ADDED ENTRY--CORPORATE NAME
Corporate name or jurisdiction name as entry element General Practice Division
9 (RLIN) 752
942 ## - ADDED ENTRY ELEMENTS (KOHA)
Suppress in OPAC 0
948 ## - LOCAL PROCESSING INFORMATION (OCLC); SERIES PART DESIGNATOR (RLIN)
c (OCLC) 04/03/1997
Holdings
Withdrawn status Lost status Source of classification or shelving scheme Damaged status Not for loan Home library Current library Shelving location Date acquired Total Checkouts Full call number Barcode Date last seen Copy number Price effective from Koha item type
    Other/Generic Classification Scheme     London London RICS Boxes 14/09/1999   RICS 1980/29 30026608 06/08/2019 1 06/08/2019 Reference material